Las codificaciones
Gespeichert in:
| 1. Verfasser: | |
|---|---|
| Format: | Buch |
| Sprache: | Spanisch |
| Veröffentlicht: |
Santiago
Flandes Indiano
2009
|
| Schriftenreihe: | Colección Derecho Francés Contemporáneo
|
| Schlagworte: | |
| Tags: |
Tag hinzufügen
Keine Tags, Fügen Sie den ersten Tag hinzu!
|
MARC
| LEADER | 00000cam a2200000 a 4500 | ||
|---|---|---|---|
| 001 | UCG3001 | ||
| 003 | CL-VaPUC | ||
| 008 | 100805e20090000CL |||||||||||||||||spa|d | ||
| 020 | |a 9789568661014 | ||
| 082 | 0 | 4 | |a 348.004 |b CAB |2 21 |
| 100 | 0 | |a Cabrillac, Rémy |e author |9 551732 | |
| 245 | 1 | 4 | |a Las codificaciones |
| 300 | |a 355 p | ||
| 942 | |c BK | ||
| 945 | |d 20100805 00:00:00 |a mfarfan | ||
| 260 | |a Santiago |b Flandes Indiano |c 2009 | ||
| 650 | 0 | |a Codificación |9 258568 | |
| 650 | 0 | |a Historia |9 255047 | |
| 650 | 7 | |a DERECHO |2 CL-VaPUC |9 551733 | |
| 583 | |a last modification |c 20120102 09:47:02 |k Rodrigo Vera | ||
| 490 | 0 | |a Colección Derecho Francés Contemporáneo | |
| 999 | |c 342101 |d 342099 | ||
| 952 | |0 0 |1 0 |4 0 |6 348_004000000000000_CAB_2009 |7 0 |8 DER_HIS |9 438065 |a BIBDER |b BIBDER |d 2019-11-22 |i 4702034 |l 2 |m 1 |o 348.004 CAB 2009 |p 4702034 |r 2024-10-22 |s 2024-09-17 |w 2019-11-22 |x Ubicación 4to Piso |y BK |z Estos recursos deben solicitarse con anticipación |k DER | ||
| 952 | |0 0 |1 0 |4 0 |6 348_004000000000000_CAB_2009 |7 0 |8 A |9 438066 |a BIBDER |b BIBDER |d 2019-11-22 |i 4817028 |l 1 |m 6 |o 348.004 CAB 2009 |p 4817028 |q 2025-12-31 |r 2020-03-04 |s 2020-03-04 |w 2019-11-22 |y BK |k DER | ||